Statistiques concernant Prénoms célèbres n°11

Cliquez ici pour prendre le quiz!

Statistiques générales

  • Ce quiz a été pris 310 fois
  • Le résultat moyen est 12 sur 16

Statistiques - réponses

PrénomNoms de famille% Correct
JulienClerc, Doré, Benneteau, Gracq
93%
BillClinton, Gates, Haley
92%
Jean-MarieBigard, Le Pen, Poiré, Cavada
91%
SylvieVartan, Goulard, Tellier, Testud
90%
HélèneSégara, Darroze, Rollès, Carrère d'Encausse
89%
MaximeGorki, Le Forestier, Chattam, Du Camp
83%
OliviaRuiz, Newton-John, de Havilland
83%
DidierBourdon, Daeninckx, Drogba
81%
MichèleLaroque, Alliot-Marie, Morgan, Mercier
77%
KevinSpacey, Costner, Gameiro
75%
MohammedSissoko, Ali, Salah, Farah
75%
FrédéricChopin, Beigbeder, Barberousse
69%
IvanLendl, Rakitić, Basso, le Terrible
66%
MartineAubry, Kelly, Carol, Billard
65%
CorinneLepage, Masiero, Touzet, Le Poulain
56%
JacquelineKennedy-Onassis, de Romilly, Bisset
45%

Distribution des résultats

Percentile par nombre de réponses

% des personnes avec chaque résultat

Votre développement - résultats

Vous n’avez pas pris ce quiz